000 00731nam a2200241 a 4500
001 59919
003 BD-RjUL
005 20211209080800.0
008 161227s1955 nyua b 001 0 eng
035 _a(BD-RjUL)60043
040 _aBD-RjUL
_cBD-RjUL
_dBD-RjUL
_beng
041 _aeng
082 0 0 _223
_a338.17
_bKOM 1955
100 1 _aKohls, Richard L.
_q(Richard Louis),
_d1921-
_9178240
245 1 0 _aMarketing of agricultural products /
_c Richard L. Kohls.
260 _aNew York :
_bMacmillan,
_c1955
300 _axiii, 399 p. :
_c23 cm.
500 _aIncludes index
650 0 _aProduce trade.
_9178241
650 0 _aProduce trade
_zUnited States.
_9178242
650 0 _aFarm produce
_xMarketing.
_9177755
942 _2ddc
_cBK
999 _c59919
_d59919